LEADER 01310nam a2200265 i 4500 001 000000063250 003 CaOOAMICUS 005 20140303000000.0 008 140303s1998 it u000 u ita u 013 $a34422 020 $a2-503-50764-6 040 $aSeMil$bita 100 1 $aCacciapuoti, Pierluigi .$0(OLS)http://semarc/name/24422 245 10$aDeus existentia amoris :$bteologia della carità e teologia della trinità negli scritti di Riccardo di San Vittore (+1173) /$cPierluigi Cacciapuoti. 260 $aTurnhout :$bBrepols,$c1998. 300 $a286 p. ;$c25 cm. 490 0 $aBibliotheca Victorina : subsidia ad historiam canonicorum regularium investigandam ;$v9. 650 4$aRiccardo : di San Vittore <1110?-1173>.$0(OLS)http://semarc/subject/10529 830 0$aBibliotheca Victorina ;$v9.$0(OLS)http://semarc/title/421039 850 $aSeMil 852 $aSeMil$W1$xVenegono$y1$m2IA F 9$j228291$B29403$CSeMilBibl$Z2$F29406 $81 961 $aSottoscrizione: Brepols 996 $6020$a2-503-50764-6$9(OLS)http://semarc/number/39933 996 $6245$aDeus existentia amoris :$bteologia della carità e teologia della trinità negli scritti di Riccardo di San Vittore (+1173)$9(OLS)http://semarc/title/402644 996 $6260$aTurnhout :$bBrepols$9(OLS)http://semarc/publisher/29626 LEADER 01723nam a2200289 i 4500 001 000000088402 003 CaOOAMICUS 005 20220802101654.0 008 040510s1986 xx u000 u und u 013 $a60642 040 $aSeMil$bita 100 1 $aFesta, Riccardo.$0(OLS)http://semarc/name/40174 245 10$aSchiavitù della libertà e libertà del cristiano :$bstudio sulla condizione dell'uomo peccatore e dell'uomo redento, a partire dalla controversia tra Erasmo e Lutero sul libero arbitrio /$cRiccardo Festa ; moderatore Franco Buzzi. 260 $a[S.l. :$bs.n.],$c1986. 300 $a47 p. ;$c29 cm 500 $aIn testa al front.: Facoltà teologica dell'Italia settentrionale, sezione del Seminario arcivescovile di Milano, Elaborato scritto di baccalaureato 650 4$aLutero, Martin <1483-1546> - Concezione della libertà.$0(OLS)http://semarc/subject/33457 650 4$aErasmo : da Rotterdam - Concezione della libertà.$0(OLS)http://semarc/subject/52707 650 4$aLibero arbitrio.$0(OLS)http://semarc/subject/4428 650 4$aGiustificazione.$0(OLS)http://semarc/subject/5986 700 1 $aBuzzi, Franco,$c.$0(OLS)http://semarc/name/14631 850 $aSeMil 852 $aSeMil$W1$xVenegono$y1$m4X VI 62$j233757$B51691$CSeMilBibl$Z2$F56001 $8L 961 $aRecupero da Biblioteca Seminario di Seveso 996 $6245$aSchiavitù della libertà e libertà del cristiano :$bstudio sulla condizione dell'uomo peccatore e dell'uomo redento, a partire dalla controversia tra Erasmo e Lutero sul libero arbitrio$9(OLS)http://semarc/title/134325 996 $6260$a[S.l. :$bs.n.]$9(OLS)http://semarc/publisher/29751 LEADER 01141nam a2200253 i 4500 001 000000123431 003 CaOOAMICUS 005 20250312125247.0 008 040225s1970 gw u000 u ger u 040 $aSeMil$bita 240 10$aBibbia. Nuovo Testamento. Apocalisse.$0(OLS)http://semarc/title/46959 245 14$aDie Offenbarung des Johannes /$cerklärt von Ernst Lohmeyer. 250 $a3., Unveränderte Aufl. 260 $aTübingen :$bMohr Siebeck,$c1970. 300 $a208 p. ;$c25 cm. 490 0 $aHandbuch zum Neuen Testament ;$v16 650 4$aBibbia. Nuovo Testamento. Apocalisse - Commentari, studi, critica, interpretazioni.$0(OLS)http://semarc/subject/1763 700 1 $aLohmeyer, Ernst,$d<1890-1946>.$0(OLS)http://semarc/name/23418 830 0$aHandbuch zum Neuen Testament ;$v16.$0(OLS)http://semarc/title/14197 850 $aSeMil 852 $aSeMil$W1$xVenegono$y1$m2Y IV 43$j78158$B78158$CSeMilBibl$Z2$F80388 $81 996 $6245$aDie Offenbarung des Johannes$9(OLS)http://semarc/title/181528 996 $6260$aTübingen :$bMohr Siebeck$9(OLS)http://semarc/publisher/30329